Historia de las ideas estéticas y de las teorías artísticas contemporáneas
Guardat en:
| Autor principal: | |
|---|---|
| Format: | Llibre |
| Idioma: | espanyol |
| Publicat: |
Madrid
Visor
1996
|
| Col·lecció: | La Balsa de la Medusa, 80
|
| Matèries: | |
| Etiquetes: |
Afegir etiqueta
Sense etiquetes, Sigues el primer a etiquetar aquest registre!
|
MARC
| LEADER | 00000nam a2200000 a 4500 | ||
|---|---|---|---|
| 001 | UCS2322 | ||
| 003 | CL-VaPUC | ||
| 008 | 970523e19960000SP |||||||||||||||||spa|d | ||
| 082 | 0 | 4 | |a 701.17 |b BOZ |2 21 |
| 100 | 0 | |a Bozal, Valeriano |e author |9 387636 | |
| 245 | 1 | 0 | |a Historia de las ideas estéticas y de las teorías artísticas contemporáneas |
| 300 | |a v | ||
| 942 | |c BK | ||
| 945 | |d 19970523 00:00:00 |a amoreno | ||
| 260 | |a Madrid |b Visor |c 1996 | ||
| 650 | 0 | |a Estética |9 264950 | |
| 650 | 0 | |a Empirismo |9 255037 | |
| 650 | 7 | |a SENTIMIENTO |2 CL-VaPUC |9 307343 | |
| 650 | 0 | |a Historiografía |9 257871 | |
| 650 | 0 | |a Arte |9 265238 | |
| 650 | 7 | |a MOVIMIENTO ROMANTICO |2 CL-VaPUC |9 387637 | |
| 650 | 0 | |a Idealismo |9 265685 | |
| 650 | 0 | |a Teoría del arte |9 387638 | |
| 650 | 0 | |a Artes visuales |9 336870 | |
| 650 | 0 | |a Modernidad |9 265371 | |
| 650 | 0 | |a Metafísica |9 265649 | |
| 650 | 0 | |a Filosofía del arte |9 264951 | |
| 583 | |a last modification |c 19970523 00:00:00 |k Rodrigo Vera | ||
| 490 | 0 | |a La Balsa de la Medusa, 80 | |
| 999 | |c 260294 |d 260292 | ||
| 952 | |0 0 |1 0 |4 0 |6 701_170000000000000_BOZ_1996 |7 0 |8 A |9 286264 |a BIBART |b BIBART |d 2019-11-19 |h v.1 |i 3307328 |o 701.17 BOZ 1996 |p 3307328 |r 2025-03-13 |w 2019-11-19 |y BK |k ART | ||
| 952 | |0 0 |1 0 |4 0 |6 701_170000000000000_BOZ_1996 |7 0 |8 A |9 286265 |a BIBART |b BIBART |d 2019-11-19 |h v.2 |i 2126788 |o 701.17 BOZ 1996 |p 2126788 |r 2025-03-13 |w 2019-11-19 |y BK |k ART | ||